Vivienda y salud : características y condiciones de la vivienda / características y condiciones de la vivienda /
ISBN:
9788419091123
Descripción Física:
278 pàgs. ; 24 cm.
Colección:
Serie Administración Local
; 1
Materias:
Habitatge i salut
Idioma:
Catalán
MARC
| LEADER | 00000nam a22000007a 4500 | ||
|---|---|---|---|
| 001 | 26864 | ||
| 003 | Arxiu | ||
| 005 | 20260324181143.0 | ||
| 008 | 221011b spa||||| |||| 00| 0 cat d | ||
| 017 | |a B 20059-2021 | ||
| 020 | |a 9788419091123 | ||
| 040 | |a agdb | ||
| 100 | |9 52495 |a Sáenz de Tejada, Carlota | ||
| 245 | |a Vivienda y salud : |b características y condiciones de la vivienda / |c Carlota Sáenz de Tejada [et al.] | ||
| 250 | |a Primera edició | ||
| 260 | |a Barcelona : |b Diputació de Barcelona ; |c 2021 | ||
| 300 | |a 278 pàgs. ; |c 24 cm. | ||
| 490 | |a Serie Administración Local ; |v 1 | ||
| 504 | |a Conté referències i cerques bibliogràfiques | ||
| 650 | 0 | |9 52494 |a Habitatge i salut | |
| 700 | 1 | |a Daher, Carolyn |9 54480 | |
| 700 | 1 | |a Hidalgo, Laura |9 54481 | |
| 700 | |9 54482 |a Nieuwenhuijsen, Mark | ||
| 710 | 2 | |9 54483 |a ISGlobal (Barcelona) | |
| 710 | |9 52202 |a Barcelona (Catalunya : Província). |b Servei de Salut Pública | ||
| 942 | |2 udc |c ARXIU |n 1 | ||
| 952 | |0 0 |1 0 |2 udc |4 0 |6 BIB982 |7 1 |9 63978 |a Arxiu |b Arxiu |d 2022-10-11 |l 0 |o Bib-982 |p 26864 |r 2022-10-11 00:00:00 |w 2022-10-11 |y ARXIU | ||
| 999 | |c 82697 |d 82697 | ||